000
00422nam a2200145Ia 4500
008
100122s9999 xx 000 0 und d
082
_b
10152
_a
821
100
_a
गाडगीळ न वि
245
_a
जपजी साहेब
260
_b
अनुसूया गाडगीळ
_c
1959
300
_a
116
630
_a
जपजी साहेब
730
_a
जपजी साहेब
942
_c
BOOK
999
_c
401885
_d
401882